| 000 | 00905cam a2200181 a 4500 | ||
|---|---|---|---|
| 020 | _a0803104626 | ||
| 040 | _cDLC | ||
| 082 | 0 | 0 | _a617 AST 1986 A045 Or. |
| 245 | 0 | 0 |
_aVascular graft update : _bsafety and performance. |
| 260 |
_aPhiladelphia, PA : _bASTM, _cc1986. |
||
| 300 |
_a349 p. : _bill. ; _c24 cm. |
||
| 500 | _a"Sponsored by ASTM Committee F-4 on Medical and Surgical Materials and Devices and Subcommittee F04.04 on Cardiovascular Implants and Materials, Food and Drug Administration, International Center for Artificial Organs and Transplantation, and Department of Health and Human Services; Colonial Williamsburg, Williamsburg, Virginia, 27-28 November 1984." | ||
| 500 | _a"ASTM publication code number (PCN) 04-898000-54." | ||
| 650 | 0 | _aVascular grafts | |
| 650 | 0 | _aBlood vessel prosthesis | |
| 710 | 2 | _aASTM Committee F-4 on Medical and Surgical Materials and Devices. | |
| 942 | _cEK | ||
| 999 |
_c13345 _d13345 |
||